Normal view MARC view
  • Zweig, Stefan,

Entry Nombre Personal

Number of records used in: 22

001 - NUMERO DE CONTROL

  • campo de control: 28035

003 - IDENTIFICADOR DE NUMERO DE CONTROL

  • campo de control: MX-MxUPN

005 - FECHA Y HORA DE LA ÜLTIMA TRANSACCIÓN

  • campo de control: 20220210202121.0

008 - DATOS DE LONGITUD FIJA

  • campo de control de longitud fija: 220210na acannaabn a |na |d

035 ## - NUMERO DE CONTROL

  • Número de control: UPN11000000141

040 ## - FUENTE DE CATALOGACIÓN

  • Agencia original de catalogación: MX-MxUPN
  • Lenguaje de catalogación: spa
  • Agencia de transcripción: MX-MxUPN

053 #4 - NÚMERO DE CLASIFICACIÓN LC

  • Número de clasificación elemento-número único o número inicial de tramo: PT2653 W4.2

100 1# - ENCABEZAMIENTO - NOMBRE PERSONAL

  • Nombre personal: Zweig, Stefan,
  • Fechas asociadas con el nombre: 1881-1942

670 ## - FUENTE EN LA QUE SE LOCALIZARON DATOS

  • Cita de la fuente: Mendel el de los libros, 2009:
  • Información localizada: portada (Stefan Zweig)

680 ## - NOTA PUBLICA DE ACCESO PÚBLICO

  • Frase explicativa de la referencia: Escritor austriaco

902 ## - CATALOGADOR

  • Catalogador: DAA/270707